[Event "6th Vardaris Open 2020"]
[Site "Thessaloniki"]
[Date "2020.03.01"]
[Round "5.9"]
[White "Gouloutis, Nikolaos"]
[Black "Stoinev, Metodi"]
[Result "1-0"]
[WhiteElo "2347"]
[BlackElo "2206"]
[Annotator "TA"]
[PlyCount "43"]
[EventDate "2020.02.27"]
[EventType "swiss"]
[EventCountry "GRE"]
[SourceTitle "playchess.com"]
[Source "ChessBase"]
[SourceQuality "1"]

{[%evp 14,43,41,26,34,3,11,10,31,24,19,36,54,46,50,39,56,64,50,44,44,37,43,0,204,206,236,246,226,216,496,490]} 1. d4 d5 2. c4 c6 3. Nf3 Nf6 4. e3 g6 5. Nc3 Bg7 6. Be2 O-O 7. O-O a6 8. Qb3 e6 {D94: Grünfeld: 4 Nf3 Bg7 5 e3.} 9. Bd2 Nbd7 10. Rfd1 {[#]} Ne4 $146 {The position is equal.} ({Predecessor:} 10... b6 11. a4 a5 12. Be1 Rb8 13. Rac1 Bb7 14. cxd5 exd5 15. Ne5 Nxe5 16. dxe5 Nd7 {0-1 (46) Bukavshin,I (2607)-Sjugirov,S (2645) Vladivostok 2014}) 11. Be1 Nd6 12. c5 Nf5 13. e4 $36 {[%mdl 2048] Black is under pressure.} dxe4 14. Nxe4 Nf6 15. Nxf6+ Bxf6 16. Qa4 b5 17. cxb6 Qxb6 18. b3 c5 $2 {[#]} (18... a5 $11 {and Black is okay.}) 19. dxc5 $18 Qxc5 20. Bb4 Qb6 21. Bxf8 Bxa1 $2 (21... Kxf8 22. Rac1 Bb7) 22. Ba3 {Accuracy: White = 82%, Black = 89%.} 1-0

[Event "6th Vardaris Open 2020"]
[Site "Thessaloniki"]
[Date "2020.03.01"]
[Round "5.10"]
[White "Krallis, Christos"]
[Black "Tsaknakis, Zisis"]
[Result "0-1"]
[WhiteElo "2276"]
[BlackElo "2197"]
[Annotator "ChessBase"]
[PlyCount "43"]
[EventDate "2020.02.27"]
[EventType "swiss"]
[EventCountry "GRE"]
[SourceTitle "playchess.com"]
[Source "ChessBase"]
[SourceQuality "1"]
[TimeControl "6000+30"]

1. d4 Nf6 2. c4 g6 3. Nc3 Bg7 4. e4 d6 5. f3 O-O 6. Nge2 c5 7. Be3 Nc6 8. d5 Ne5 9. Ng3 h5 10. Be2 h4 11. Nf1 e6 12. h3 b5 13. Nxb5 exd5 14. cxd5 Rb8 15. Qd2 Bd7 16. Nc3 c4 17. Bxa7 Rb7 18. Bd4 Nh5 19. Qe3 Rb6 20. b4 Rxb4 21. Nd1 Rb2 22. Bd3 0-1

[Event "6th Vardaris Open 2020"]
[Site "Thessaloniki"]
[Date "2020.03.01"]
[Round "5.11"]
[White "Giannoulakis, Lampros"]
[Black "Samaridis, Konstantinos"]
[Result "1-0"]
[WhiteElo "2266"]
[BlackElo "2104"]
[Annotator "ChessBase"]
[PlyCount "93"]
[EventDate "2020.02.27"]
[EventType "swiss"]
[EventCountry "GRE"]
[SourceTitle "playchess.com"]
[Source "ChessBase"]
[SourceQuality "1"]
[TimeControl "6000+30"]

1. d4 Nf6 2. c4 e6 3. Nc3 Bb4 4. e3 O-O 5. Bd3 c5 6. Nf3 d5 7. a3 Bxc3+ 8. bxc3 b6 9. O-O Nbd7 10. Bb2 dxc4 11. Bxc4 Bb7 12. Qe2 Qc7 13. Rac1 Rac8 14. h3 Ne4 15. Nd2 Nxd2 16. Qxd2 Qc6 17. f3 b5 18. Bd3 c4 19. Bb1 Rfd8 20. Qf2 Nf8 21. e4 Qd6 22. f4 Rc7 23. Rce1 a5 24. Re3 b4 25. axb4 axb4 26. cxb4 Qxb4 27. Bc3 Qb6 28. Rg3 f6 29. Kh2 Rf7 30. f5 exf5 31. Qxf5 Qe6 32. Qxe6 Nxe6 33. d5 Nc5 34. Rxf6 Rxf6 35. Bxf6 Rd7 36. Bd4 Nb3 37. Bc3 g6 38. h4 Kf7 39. h5 gxh5 40. Rg5 Nc5 41. Rxh5 Kg6 42. Rh3 Kg5 43. Rg3+ Kf4 44. Rf3+ Kg4 45. Be5 Nxe4 46. Bxe4 Bxd5 47. Bf5+ 1-0

[Event "6th Vardaris Open 2020"]
[Site "Thessaloniki"]
[Date "2020.03.01"]
[Round "5.12"]
[White "Ladopoulos, Dimitrios"]
[Black "Stefanou, Konstantinos"]
[Result "1-0"]
[WhiteElo "2253"]
[BlackElo "1959"]
[Annotator "ChessBase"]
[PlyCount "83"]
[EventDate "2020.02.27"]
[EventType "swiss"]
[EventCountry "GRE"]
[SourceTitle "playchess.com"]
[Source "ChessBase"]
[SourceQuality "1"]
[TimeControl "6000+30"]

1. Nf3 d5 2. d4 Nf6 3. c4 e6 4. g3 Be7 5. Bg2 O-O 6. O-O c6 7. Qc2 b6 8. Nbd2 Bb7 9. Rd1 Na6 10. a3 Rc8 11. b4 Qc7 12. e4 Nxe4 13. Nxe4 dxe4 14. Bf4 Bd6 15. Bxd6 Qxd6 16. Qxe4 h6 17. Ne5 Nb8 18. c5 Qe7 19. Nc4 b5 20. Nd6 Rc7 21. a4 a6 22. axb5 axb5 23. Ra7 Bc8 24. Nf5 Rxa7 25. Nxe7+ Rxe7 26. Ra1 Rd8 27. h4 Bb7 28. Ra7 Red7 29. Qe5 Na6 30. Bxc6 Bxc6 31. Rxa6 Bf3 32. Qf4 Bd5 33. Kh2 f5 34. Rb6 Kf7 35. Rxb5 g5 36. Qe5 Bf3 37. Rb6 Re7 38. b5 gxh4 39. c6 Ra8 40. c7 hxg3+ 41. Kxg3 Ra3 42. Qc5 1-0

[Event "6th Vardaris Open 2020"]
[Site "Thessaloniki"]
[Date "2020.03.01"]
[Round "5.13"]
[White "Markidis, Konstantinos"]
[Black "Nteligiorgis, Eleftherios"]
[Result "1/2-1/2"]
[WhiteElo "2211"]
[BlackElo "1944"]
[Annotator "ChessBase"]
[PlyCount "50"]
[EventDate "2020.02.27"]
[EventType "swiss"]
[EventCountry "GRE"]
[SourceTitle "playchess.com"]
[Source "ChessBase"]
[SourceQuality "1"]
[TimeControl "6000+30"]

1. e4 c5 2. Nf3 e6 3. Nc3 d6 4. g3 Nf6 5. Bg2 Be7 6. O-O O-O 7. e5 dxe5 8. Nxe5 Qc7 9. Re1 Nbd7 10. Nc4 Nb6 11. Nb5 Qd8 12. Nxb6 Qxb6 13. Na3 Nd7 14. Nc4 Qc7 15. d3 Bf6 16. Rb1 Rb8 17. Bf4 e5 18. Bd2 b5 19. Ne3 Bb7 20. Nd5 Qd6 21. c4 Bxd5 22. Bxd5 Nb6 23. Be4 bxc4 24. dxc4 Nxc4 25. Bc3 Qd8 1/2-1/2

[Event "6th Vardaris Open 2020"]
[Site "Thessaloniki"]
[Date "2020.03.01"]
[Round "5.14"]
[White "Opseth, Oliver"]
[Black "Madebrink, Lars"]
[Result "1/2-1/2"]
[WhiteElo "1894"]
[BlackElo "2115"]
[Annotator "ChessBase"]
[PlyCount "137"]
[EventDate "2020.02.27"]
[EventType "swiss"]
[EventCountry "GRE"]
[SourceTitle "playchess.com"]
[Source "ChessBase"]
[SourceQuality "1"]
[TimeControl "6000+30"]

1. e4 c5 2. d4 cxd4 3. c3 dxc3 4. Nxc3 Nc6 5. Nf3 d6 6. Bb5 Bd7 7. O-O Nf6 8. Bf4 g6 9. Qd2 Bg7 10. Bh6 O-O 11. Bxg7 Kxg7 12. Rad1 Qa5 13. Qf4 Ne5 14. Bxd7 Nexd7 15. Nd5 Nxd5 16. Rxd5 Qxa2 17. g4 Qxb2 18. g5 Rac8 19. Qg4 Rfd8 20. h4 Rc4 21. h5 Nb6 22. Rd2 gxh5 23. Qxh5 Qc3 24. Rc2 Qb3 25. Re2 Kg8 26. Nd2 Qd3 27. Nxc4 Nxc4 28. Kg2 Ne5 29. Rh1 Ng6 30. Qxh7+ Kf8 31. Re3 Qd4 32. Rf3 Qg7 33. Qh3 d5 34. exd5 Qe5 35. Qf5 Qxf5 36. Rxf5 Rxd5 37. Rxd5 Nf4+ 38. Kf3 Nxd5 39. Ke4 e6 40. Ke5 Kg7 41. f4 Ne3 42. Ra1 a5 43. Ke4 Nc4 44. Kd4 b5 45. Kc5 Nb2 46. Rxa5 Nd3+ 47. Kd4 Nxf4 48. Rxb5 Kg6 49. Rb7 Nh3 50. Ke5 Nxg5 51. Rb6 f6+ 52. Kf4 e5+ 53. Kg4 Nf7 54. Ra6 Nh6+ 55. Kf3 Kf5 56. Ra5 Nf7 57. Ra7 Nd6 58. Ra5 Ke6 59. Ra6 f5 60. Ke3 f4+ 61. Kf3 Kd5 62. Ra5+ Kd4 63. Ra4+ Nc4 64. Ra8 Nb6 65. Ra6 Nc4 66. Ra8 Nd6 67. Ra4+ Kd5 68. Rxf4 exf4 69. Kxf4 {Ke5+ Ke4+} 1/2-1/2

[Event "6th Vardaris Open 2020"]
[Site "Thessaloniki"]
[Date "2020.03.01"]
[Round "5.15"]
[White "Vardakas, Grigorios"]
[Black "Zlatkov, Anton"]
[Result "1-0"]
[WhiteElo "2115"]
[BlackElo "1828"]
[Annotator "ChessBase"]
[PlyCount "119"]
[EventDate "2020.02.27"]
[EventType "swiss"]
[EventCountry "GRE"]
[SourceTitle "playchess.com"]
[Source "ChessBase"]
[SourceQuality "1"]
[TimeControl "6000+30"]

1. Nf3 d5 2. g3 Nf6 3. Bg2 e6 4. c4 c6 5. O-O Be7 6. b3 O-O 7. Bb2 Nbd7 8. d4 b6 9. Ne5 Bb7 10. Nd2 c5 11. Nxd7 Qxd7 12. cxd5 exd5 13. Rc1 Rac8 14. dxc5 bxc5 15. Re1 Rfd8 16. Qc2 d4 17. Bxb7 Qxb7 18. Nc4 Nd5 19. Qe4 Re8 20. Qf3 Qd7 21. e3 Bf6 22. exd4 cxd4 23. Rxe8+ Rxe8 24. Rd1 Nb4 25. a3 Nc2 26. Bc3 Qe7 27. Ba5 h6 28. Rc1 Qe2 29. Qxe2 Rxe2 30. Rd1 Re8 31. Kf1 Rb8 32. Rd3 Be7 33. a4 Bf6 34. Ke2 Nb4 35. Bxb4 Rxb4 36. Kf3 Kf8 37. Ke4 Ke7 38. Kd5 Rb8 39. f4 Rd8+ 40. Ke4 Ke6 41. f5+ Ke7 42. Ne5 Rd6 43. b4 a6 44. Ng4 h5 45. Nxf6 Kxf6 46. Rxd4 Rb6 47. h4 Rc6 48. b5 axb5 49. axb5 Rc3 50. Rd6+ Ke7 51. Rd3 Rc5 52. Rb3 Kd6 53. b6 Rc4+ 54. Kf3 Rc8 55. b7 Rb8 56. Kf4 f6 57. g4 Kc7 58. gxh5 Rxb7 59. Rxb7+ Kxb7 60. h6 1-0

[Event "6th Vardaris Open 2020"]
[Site "Thessaloniki"]
[Date "2020.03.01"]
[Round "5.16"]
[White "Nilsen, Tobias Lang"]
[Black "Papagiannis, Asterios"]
[Result "0-1"]
[WhiteElo "2135"]
[BlackElo "1917"]
[Annotator "ChessBase"]
[PlyCount "92"]
[EventDate "2020.02.27"]
[EventType "swiss"]
[EventCountry "GRE"]
[SourceTitle "playchess.com"]
[Source "ChessBase"]
[SourceQuality "1"]
[TimeControl "6000+30"]

1. e4 e5 2. Nf3 Nc6 3. Bb5 g6 4. c3 a6 5. Ba4 Bg7 6. d4 exd4 7. cxd4 b5 8. Bb3 Nge7 9. O-O O-O 10. Nc3 d6 11. h3 Na5 12. Bc2 Bb7 13. Re1 Qd7 14. d5 Rac8 15. Bf4 Nc4 16. Qc1 c6 17. dxc6 Qxc6 18. Nd5 Rfe8 19. Nb4 Qc7 20. Rb1 a5 21. Nd3 Nxb2 22. Nxb2 Qxc2 23. Qxc2 Rxc2 24. Nd3 Rxa2 25. Rxb5 Ba6 26. Nc1 Bxb5 27. Nxa2 Bc4 28. Nc1 Rd8 29. Bg5 f6 30. Bd2 Nc6 31. Ne2 d5 32. exd5 Bxd5 33. Nfd4 Nxd4 34. Nxd4 Ra8 35. Nb5 Bc6 36. Nc7 Ra7 37. Ne6 a4 38. Nxg7 Kxg7 39. Bc3 Bd5 40. Rd1 Be6 41. Bd4 Rd7 42. Rd2 a3 43. Bc3 Rc7 44. Bd4 Rc1+ 45. Kh2 a2 46. Re2 Bf7 0-1

[Event "6th Vardaris Open 2020"]
[Site "Thessaloniki"]
[Date "2020.03.01"]
[Round "5.17"]
[White "Tziotzios, Dimitrios"]
[Black "Tsironis, Alexandros"]
[Result "0-1"]
[WhiteElo "1473"]
[BlackElo "1962"]
[Annotator "NA"]
[PlyCount "46"]
[EventDate "2020.02.27"]
[EventType "swiss"]
[EventCountry "GRE"]
[SourceTitle "playchess.com"]
[Source "ChessBase"]
[SourceQuality "1"]
[TimeControl "6000+30"]

{[%evp 8,44,27,19,24,33,29,39,49,14,57,4,75,-1,37,32767,45,32767,32767,25,12,25,38,33,31,24,32767,46,38,32767,32767,32767,32767,-293,32767,32767,32767,32767,-689]} 1. d4 g6 2. g3 Bg7 3. Bg2 d6 4. c4 Nf6 5. Nc3 O-O 6. Nf3 Nc6 7. O-O a6 8. h3 {8.b3 is setting a new trend.} Nd7 9. e4 {E63: King's Indian: Fianchetto: Panno Variation with 7...a6.} e5 (9... b5 $11 {remains equal.}) 10. d5 (10. Bg5 $14 f6 11. Be3) 10... Ne7 11. Be3 {[#]} a5 $146 ({Predecessor:} 11... f5 12. Ng5 Nf6 13. Qc2 Nh5 14. Kh2 f4 15. Bd2 h6 16. Nf3 g5 17. g4 Nf6 {½-½ (58) Sit,V (1617)-Burns,M (1901) Coventry 2015}) 12. Qd2 b6 13. Ne1 f5 14. Nd3 Nf6 15. f3 Nh5 16. Ne2 Kh8 17. Rab1 Ng8 18. b3 Nxg3 19. Nxg3 f4 20. Nxf4 $2 (20. Bf2 $15 fxg3 21. Bxg3) 20... exf4 21. Bxf4 Rxf4 22. Qxf4 {[#]} Bh6 $19 23. Qf7 Be3+ 0-1

[Event "6th Vardaris Open 2020"]
[Site "Thessaloniki"]
[Date "2020.03.01"]
[Round "5.18"]
[White "Makris, Spyridon-Dionysios"]
[Black "Theoharidis, Georgios"]
[Result "1-0"]
[WhiteElo "1959"]
[BlackElo "1813"]
[Annotator "NA"]
[PlyCount "65"]
[EventDate "2020.02.27"]
[EventType "swiss"]
[EventCountry "GRE"]
[SourceTitle "playchess.com"]
[Source "ChessBase"]
[SourceQuality "1"]
[TimeControl "6000+30"]

{[%evp 8,39,22,10,6,10,112,111,102,141,140,176,193,170,231,231,225,32767,32767,201,244,32767,158,147,227,189,185,189,32767,198,32767,343,32767,381]} 1. d4 e6 2. c4 b6 3. a3 Bb7 4. Nc3 f5 5. d5 Be7 6. g3 {A40: Unusual replies to 1 d4.} e5 {[#]} (6... Nf6 $11 {remains equal.}) 7. e4 $146 ({Predecessor:} 7. Nf3 d6 8. e4 fxe4 9. Nxe4 Nf6 10. Neg5 Bc8 11. Bd3 O-O 12. Qc2 h6 13. Ne6 Bxe6 14. dxe6 {1-0 (36) Swapnil,S (2429)-Singh,D (2303) Chennai 2010}) 7... fxe4 8. Qh5+ ({Don't play} 8. Nxe4 $6 Nf6 $14) 8... Kf8 9. Qxe5 ({But not} 9. Nxe4 $6 Nf6 $16) 9... Bf6 10. Qf4 g5 (10... Qe7 $142) 11. Qxe4 Bxc3+ 12. bxc3 Qf6 13. Qd4 h6 14. Bg2 Na6 15. Ne2 Re8 (15... Nc5 $16) 16. Be3 Nc5 17. h4 Nb3 18. Qxf6+ Nxf6 19. Rb1 ({Stronger than} 19. hxg5 Nxa1 20. gxf6 Nc2+ 21. Kd2 Nxa3 $15) 19... Na5 20. hxg5 $18 Rxe3 21. fxe3 Ng4 22. gxh6 Nxc4 23. Nf4 Rxh6 24. Rxh6 Nxh6 25. Bh3 Nxe3 26. Bxd7 Ke7 27. Be6 Kd6 28. Ke2 Nef5 29. g4 Ng7 30. Rh1 Nxe6 31. Rxh6 Bxd5 32. Ke3 Ke5 33. Rh5+ 1-0

[Event "6th Vardaris Open 2020"]
[Site "Thessaloniki"]
[Date "2020.03.01"]
[Round "5.19"]
[White "Yugina, Maria"]
[Black "Georgakopoulos, Nikolaos"]
[Result "0-1"]
[WhiteElo "1975"]
[BlackElo "2367"]
[Annotator "TA"]
[PlyCount "111"]
[EventDate "2020.02.27"]
[EventType "swiss"]
[EventCountry "GRE"]
[SourceTitle "playchess.com"]
[Source "ChessBase"]
[SourceQuality "1"]

{[%evp 17,111,21,31,20,57,-2,13,14,15,15,15,18,11,-50,-16,-42,-48,-66,-70,-81,-75,-79,-48,-52,0,0,0,0,0,0,0,0,0,0,0,0,13,-83,-83,-83,-83,-83,-86,-101,-54,-138,-66,-69,0,-35,-46,-80,0,-29,-2,-14,0,0,0,-104,-4,-372,-367,-347,-354,-328,0,-325,-291,-400,-392,-579,-475,-784,-762,-758,-723,-738,-713,-696,-632,-2574,-2487,-2227,-2514,-29985,-29984,-29984,-29985,-29991,-29983,-29983,-29984,-29983,-29984,-29997]} 1. d4 Nf6 2. Nf3 g6 3. c4 Bg7 4. Nc3 O-O 5. Bg5 d6 6. e3 c5 7. Be2 h6 8. Bh4 Bf5 {was the old line (8...g5).} 9. O-O Ne4 10. Nxe4 {E61: King's Indian: Early deviations for White, including Smyslov System.} Bxe4 11. Qd2 (11. dxc5 $14 g5 12. Bxg5) 11... g5 12. Bg3 {The position is equal.} Qb6 13. Rad1 Nc6 {[%cal Bb8c6,Bc6b4,Bb4a2][%mdl 32]} 14. d5 Nb4 15. h4 {[#]} (15. a3 $11 Na6 16. h4) 15... g4 $146 ({Predecessor:} 15... gxh4 16. Bxh4 Rae8 17. b3 Qa6 18. Ra1 Nc2 19. Rac1 Qxa2 20. Bd3 Bxd3 21. Qxd3 Nb4 {1-0 (40) Nogin,N (2321)-Gorbatenko,K (2094) Kiev 2006}) 16. Ne1 Nxa2 17. Bxg4 Qb3 $1 ({But not} 17... Bxb2 $6 18. Nd3 $11) (17... Qxb2 $2 18. Qxb2 Bxb2 19. Rd2 $18) 18. f3 Bh7 19. e4 Qxc4 (19... Bxe4 {keeps more tension.} 20. Bxd6 exd6 21. fxe4 Qxc4 22. Bf5 Qd4+) 20. Bf4 Qd4+ (20... Qb4 $15) 21. Qxd4 $11 Bxd4+ 22. Rxd4 cxd4 23. Bxh6 Nb4 24. Bxf8 Rxf8 25. Rf2 f5 26. exf5 Bxf5 27. Bxf5 (27. Rd2 $11 {remains equal.}) 27... Rxf5 $17 28. Nc2 Nxc2 ({Of course not} 28... Nxd5 $6 29. Nxd4 Rf4 30. Rd2 $11) 29. Rxc2 Rxd5 {[%mdl 4096] Endgame KR-KR} 30. Kf2 Kf7 31. Ke1 ({White should play} 31. g4 $15) 31... Kf6 (31... Rc5 $17 32. Kd1 e5) 32. g4 $15 e5 (32... Rc5 $15 33. Kd2 e5) 33. Rh2 Rc5 34. Kd1 d5 (34... a5 $17) 35. Re2 Rc8 36. Kd2 Rc6 37. h5 Rb6 38. Kd1 {[#]} (38. Kc2 $11) 38... Re6 ({Black should try} 38... d3 $1 $17 {[%cal Rd3e2]} 39. g5+ {[%mdl 64] Decoy} Kxg5 40. Rxe5+ Kh6 41. Rxd5 Rxb2) 39. Rh2 $2 {[%mdl 8192] White is now going downhill.} (39. h6 $1 $11 {and White has nothing to worry.}) 39... Kg5 $19 40. Rd2 Kf4 41. Rh2 {intending h6.} Kg5 ({Don't blunder} 41... Kxf3 $2 42. h6 $18) 42. Rd2 $1 a5 {[%cal Ba7a5,Ba5a4][%mdl 32]} 43. Kc2 a4 44. Kd3 (44. Kd1 {might work better.}) 44... Rb6 45. Rh2 (45. Kc2 $142 Rc6+ 46. Kd1) 45... Rb3+ 46. Kc2 {[#]} d3+ $1 47. Kc1 Rb6 48. Rh1 e4 {Threatens to win with ...e3.} 49. fxe4 dxe4 50. Re1 Kf4 51. Rh1 Rc6+ {Black mates.} 52. Kd1 e3 53. h6 d2 54. Ke2 Rc1 55. Rd1 Ke4 56. g5 {Accuracy: White = 54%, Black = 72%.} 0-1

[Event "6th Vardaris Open 2020"]
[Site "Thessaloniki"]
[Date "2020.03.01"]
[Round "5.20"]
[White "Kouskoutis, Georgios-Alexandros"]
[Black "Tenold, Andreas"]
[Result "1-0"]
[WhiteElo "2288"]
[BlackElo "1952"]
[Annotator "ChessBase"]
[PlyCount "63"]
[EventDate "2020.02.27"]
[EventType "swiss"]
[EventCountry "GRE"]
[SourceTitle "playchess.com"]
[Source "ChessBase"]
[SourceQuality "1"]
[TimeControl "6000+30"]

1. c4 e5 2. g3 Nf6 3. Bg2 h6 4. a3 c6 5. d4 exd4 6. Qxd4 d5 7. cxd5 cxd5 8. Nf3 Nc6 9. Qa4 Be7 10. O-O O-O 11. b4 a6 12. Bb2 Be6 13. Nbd2 b5 14. Qd1 Rc8 15. Nd4 Nxd4 16. Bxd4 a5 17. bxa5 Qxa5 18. Nf3 Ne4 19. Qb3 Rc4 20. e3 Ra4 21. Rfb1 Rb8 22. Be5 Rb7 23. Nd4 Nd2 24. Qd1 Nxb1 25. Rxb1 Rxa3 26. Nxe6 fxe6 27. Qg4 Kf7 28. Qxg7+ Ke8 29. Qg8+ Kd7 30. Bxd5 Rb6 31. Rc1 Qa7 32. Qc8# 1-0

[Event "6th Vardaris Open 2020"]
[Site "Thessaloniki"]
[Date "2020.03.01"]
[Round "6.1"]
[White "Krysa, Leandro"]
[Black "Zeng, Chongsheng"]
[Result "0-1"]
[WhiteElo "2523"]
[BlackElo "2567"]
[Annotator "TA"]
[PlyCount "104"]
[EventDate "2020.02.27"]
[EventType "swiss"]
[EventCountry "GRE"]
[SourceTitle "playchess.com"]
[Source "ChessBase"]
[SourceQuality "1"]

{[%evp 19,104,0,7,0,0,0,0,0,7,0,0,0,0,0,0,-12,0,0,0,0,0,-5,-8,-16,-16,-18,-15,-10,-9,-14,0,-33,-28,-22,-29,-28,-18,-93,-85,-104,-104,-96,-96,-96,-102,-128,-122,-120,-120,-140,-134,-150,-153,-150,-124,-154,-112,-83,0,0,0,0,-10,-151,-150,-149,-22,-19,-19,-22,-22,-118,-113,-494,-473,-344,-116,-153,-153,-10230,-5304,-2055,-1480,-1953,-1820,-12840,-12839]} 1. d4 d5 2. c4 e6 3. Nc3 c6 4. Nf3 Nf6 5. e3 Nbd7 6. Qc2 Bd6 7. b3 O-O 8. Be2 b6 9. O-O Bb7 10. Bb2 Rc8 11. e4 {D45: Semi-Slav: 5 e3.} Nxe4 12. Nxe4 dxe4 13. Qxe4 {The position is equal.} Nf6 14. Qh4 c5 15. dxc5 Bxc5 16. Rad1 Qe7 17. Bd3 h6 18. Ne5 Rfd8 19. Rfe1 {[#]} Ba3 $5 $146 {[%mdl 8] An interesting novelty.} ({Predecessor:} 19... Bb4 20. Re2 a5 21. h3 Nd5 22. Qxe7 Nxe7 23. a3 Bd6 24. Red2 Bc7 25. Bb1 Rxd2 26. Rxd2 Rd8 27. Rxd8+ Bxd8 {½-½ (27) Strelnikov,S (2347)-Ioffe,I (2074) Voronezh 2017}) 20. Ba1 Bb4 21. Re3 Nd5 22. Qxe7 Nxe7 23. Be2 Rxd1+ 24. Bxd1 b5 25. Nd3 Ba5 $36 {[%mdl 2048] Black fights for an advantage.} 26. cxb5 Nd5 27. Rg3 $1 {[%cal Rg3g7]} Bc3 28. Bxc3 (28. Bb2 $1 $11) 28... Nxc3 $17 29. Bf3 Bxf3 $1 30. Rxf3 Nxa2 {[%mdl 4096] Endgame KRN-KRN} 31. h4 Rc3 32. Ne5 Rxf3 $1 33. Nxf3 {KN-KN} Nc3 34. Nd4 e5 $1 {[%cal Re5d4]} 35. Nc6 Nxb5 36. Nxe5 Nd4 37. b4 f6 38. Nc4 a6 ({Black should play} 38... Kf7 $17 39. Kf1 Ke6) 39. Ne3 $11 Kf7 40. Nd5 Nb5 41. g4 (41. Nf4 $1 $11 {was the only way to keep the balance.}) 41... Ke6 $17 42. Ne3 g6 (42... Nd4 $17 {aiming for ...Nc6.} 43. Kg2 Nc6) 43. h5 $1 $11 {[%cal Rh5g6]} gxh5 44. gxh5 f5 45. Kf1 (45. Kg2 $11) 45... Nc3 46. Ke1 $2 {[%mdl 8192]} (46. Nc2 $17 {is tougher.}) 46... Nd5 $1 $19 {[%cal Rd5e3] Threatens to win with ...Nxe3.} 47. Nc2 {[#]} Ke5 $2 (47... Kf6 $1 $19 {[%cal Rf6g5] is more deadly.} 48. Ke2 Kg5) 48. Ke2 $17 {[#]} Ke4 $1 49. Na3 $2 (49. Kd2 $17) 49... Nxb4 $19 {Black is clearly winning.} 50. Nc4 Kf4 51. Nd6 Kg5 52. f4+ Kxf4 {Accuracy: White = 59%, Black = 83%.} 0-1

[Event "6th Vardaris Open 2020"]
[Site "Thessaloniki"]
[Date "2020.03.01"]
[Round "6.2"]
[White "Lu, Shanglei"]
[Black "Kourkoulos-Arditis, Stamatis"]
[Result "1-0"]
[WhiteElo "2615"]
[BlackElo "2470"]
[Annotator "TA"]
[PlyCount "89"]
[EventDate "2020.02.27"]
[EventType "swiss"]
[EventCountry "GRE"]
[SourceTitle "playchess.com"]
[Source "ChessBase"]
[SourceQuality "1"]

{[%evp 17,89,0,0,0,0,0,0,0,8,24,60,61,61,56,56,56,83,56,89,52,57,55,127,122,159,165,156,175,269,250,259,250,255,243,333,327,325,308,354,350,348,354,342,354,338,324,324,243,260,261,260,262,239,229,256,248,256,251,280,266,392,370,367,332,407,396,389,385,408,407,449,447,508,495]} 1. e4 e6 2. d4 d5 3. Nc3 Bb4 4. e5 c5 5. a3 Bxc3+ 6. bxc3 Qa5 7. Bd2 Qa4 8. Qg4 Kf8 9. Nf3 Ne7 {9...Ne7 is better than 9...Nc6.} 10. Bd3 {C18: French: 3 Nc3 Bb4: Main line: 7 h4 and 7 Qg4.} c4 11. Be2 Qxc2 12. O-O {The position is equal.} Bd7 (12... Nbc6 {is interesting.} 13. Rfc1 Qg6 14. Qh4 Na5 15. Bd1 Bd7) 13. Rfb1 {[#]} Qe4 $146 ({Predecessor:} 13... b6 14. h4 Qf5 15. Qg3 Ba4 16. Ng5 Bd7 17. Bg4 Qc2 18. Qf4 Nf5 19. Bd1 Qd3 {0-1 (30) Volcansek,R (1890)-Frangez,S (1935) Kranj 1996}) 14. Qxe4 dxe4 15. Ne1 $36 {[%mdl 2048] White has good play.} b6 16. Nc2 Nbc6 17. Bxc4 Rc8 18. Ba2 Na5 19. Ne3 Nec6 {White now steadily converts the win.} (19... Nf5 $14) 20. c4 $16 {[%cal Bc3c4,Bc4c5][%mdl 32]} f6 {[#]} 21. exf6 $1 gxf6 22. d5 Nd8 (22... exd5 $142 23. Nxd5 (23. cxd5 Ne5 $16) 23... Kg7) 23. Bb4+ Kg7 {[#]} 24. c5 $1 {[%mdl 512]} exd5 (24... bxc5 25. Bxa5) 25. Nxd5 Rc6 26. cxb6 axb6 27. Bc3 Nab7 28. Rxb6 Rxb6 29. Nxb6 Be6 30. Nd5 Bxd5 31. Bxd5 Nc5 32. Re1 Nde6 33. Bxe6 Nxe6 34. Rxe4 $18 {[%mdl 4096] Endgame KRB-KRN} Rc8 35. Bb4 ({Don't play} 35. Rxe6 $6 Rxc3 36. h4 Rxa3 $16) 35... Nf4 36. g3 Nd3 37. Re3 Ne5 38. Bc3 Nc4 (38... Ng4 {was necessary.}) 39. Re7+ Kg6 40. Re6 Kf5 41. Rxf6+ Ke4 42. Rf4+ Kd3 43. Bb4 Ne5 44. Kg2 Rc2 45. Rh4 {Accuracy: White = 90%, Black = 45%.} 1-0